Catálogo público

Concentración mineral y de metales pesados en ovinos alimentados con forrajes irrigados con aguas residuales / (Record no. 111517)

MARC details
000 -CABECERA
campo de control de longitud fija 01381nam a2200361 a 4500
001 - NÚMERO DE CONTROL
campo de control 000115056
003 - IDENTIFICADOR DEL NÚMERO DE CONTROL
campo de control CHAP
005 - FECHA Y HORA DE LA ÚLTIMA TRANSACCIÓN
campo de control 20250903062749.0
008 - DATOS DE LONGITUD FIJA--INFORMACIÓN GENERAL
campo de control de longitud fija 180914s2018 mx a sm |||||||spa d
010 ## - NÚMERO DE CONTROL DE LA BIBLIOTECA DEL CONGRESO
Número de control de LC 111517
011 ## - ENLACE DEL NUMERO DE CONTROL DE LA BIBLIOTECA DEL CONGRESO [OBSOLETO]
Número de control de LC 112489
040 ## - FUENTE DE LA CATALOGACIÓN
Centro/agencia transcriptor CHAP
090 ## - LOCALMENTE ASIGNADO TIPO-LC NÚMERO DE CLASIFICACIÓN (OCLC); NÚMERO DE CLASIFICACIÓN LOCAL (RLIN)
Número de clasificación (OCLC) (R) ; Numero de clasificación, CALL (RLIN) (NR) Tesis
100 1# - ENTRADA PRINCIPAL--NOMBRE DE PERSONA
Nombre de persona Martínez Martínez, María Elena.
9 (RLIN) 130348
245 10 - MENCIÓN DE TÍTULO
Título Concentración mineral y de metales pesados en ovinos alimentados con forrajes irrigados con aguas residuales /
Medio [En línea]
Mención de responsabilidad, etc. por María Elena Martínez Martínez.
260 ## - PUBLICACIÓN, DISTRIBUCIÓN, ETC.
Lugar de publicación, distribución, etc. Chapingo, Méx. :
Nombre del editor, distribuidor, etc. El autor,
Fecha de publicación, distribución, etc. 2018.
500 ## - NOTA GENERAL
Nota general Para ver el contenido del material haga clic en la liga
502 ## - NOTA DE TESIS
Nota de tesis Tesis (M.C. en Innovación Ganadera) -- UACH. Departamento de Zootecnia
590 ## - NOTA LOCAL (RLIN)
Nota local E11695DGD
Procedencia (VM) [OBSOLETO] 10
Condición del los carretes individuales (VM) [OBSOLETO] 20190122
-- UCH01
-- 0841
590 ## - NOTA LOCAL (RLIN)
Nota local E8697GMM
Procedencia (VM) [OBSOLETO] 05
Condición del los carretes individuales (VM) [OBSOLETO] 20180914
-- UCH01
-- 0851
590 ## - NOTA LOCAL (RLIN)
Nota local E8697GMM
Procedencia (VM) [OBSOLETO] 05
Condición del los carretes individuales (VM) [OBSOLETO] 20180914
-- UCH01
-- 0853
590 ## - NOTA LOCAL (RLIN)
Nota local E8697GMM
Procedencia (VM) [OBSOLETO] 05
Condición del los carretes individuales (VM) [OBSOLETO] 20180919
-- UCH01
-- 0947
590 ## - NOTA LOCAL (RLIN)
Nota local E8697GMM
Procedencia (VM) [OBSOLETO] 05
Condición del los carretes individuales (VM) [OBSOLETO] 20180919
-- UCH01
-- 0957
590 ## - NOTA LOCAL (RLIN)
Nota local E8697GMM
Procedencia (VM) [OBSOLETO] 05
Condición del los carretes individuales (VM) [OBSOLETO] 20181130
-- UCH01
-- 1025
650 14 - PUNTO DE ACCESO ADICIONAL DE MATERIA--TÉRMINO DE MATERIA
Término de materia o nombre geográfico como elemento de entrada Aguas residuales para irrigación.
9 (RLIN) 2591
650 17 - PUNTO DE ACCESO ADICIONAL DE MATERIA--TÉRMINO DE MATERIA
Término de materia o nombre geográfico como elemento de entrada Forrajes
Subdivisión general Digestibilidad
Fuente del encabezamiento o término
9 (RLIN) 42568
650 14 - PUNTO DE ACCESO ADICIONAL DE MATERIA--TÉRMINO DE MATERIA
Término de materia o nombre geográfico como elemento de entrada Minerales en nutrición animal.
9 (RLIN) 75937
650 14 - PUNTO DE ACCESO ADICIONAL DE MATERIA--TÉRMINO DE MATERIA
Término de materia o nombre geográfico como elemento de entrada Suelos
Subdivisión general Contaminación.
9 (RLIN) 110327
856 ## - LOCALIZACIÓN Y ACCESO ELECTRÓNICOS
Nombre del host Finding aid
Identificador Uniforme del Recurso <a href="http://10.13.5.2/tesis/sist115056.pdf">http://10.13.5.2/tesis/sist115056.pdf</a>
Nota pública Teclea aquí
901 ## - ELEMENTOS DE DATOS A LOCAL LDA (RLIN)
a BK
942 ## - ELEMENTOS DE PUNTO DE ACCESO ADICIONAL (KOHA)
Tipo de ítem Koha Tesis
942 ## - ELEMENTOS DE PUNTO DE ACCESO ADICIONAL (KOHA)
Suprimir en OPAC 0
Holdings
Estado de retiro Estado de pérdida Estado dañado Restricciones de uso No para préstamo Código de colección Localización permanente Ubicación/localización actual Fecha de adquisición Información codificada de la localización en otra ubicación Total de préstamos Signatura topográfica completa Código de barras Fecha visto por última vez Precio válido a partir de Tipo de ítem Koha Nota pública
      Préstamo interno2 Excluido de préstamo Tesis Biblioteca Central Biblioteca Central 14/09/2018 TESIS   Tesis 115065-10 31/12/2019 31/12/2019 Tesis Recien adquirido